<?xml version="1.0" encoding="UTF-8"?>
<record
    xmlns:xsi="http://www.w3.org/2001/XMLSchema-instance"
    xsi:schemaLocation="http://www.loc.gov/MARC21/slim http://www.loc.gov/standards/marcxml/schema/MARC21slim.xsd"
    xmlns="http://www.loc.gov/MARC21/slim">

  <leader>00615nam a2200145Ia 4500</leader>
  <controlfield tag="008">250506s9999    xx            000 0 und d</controlfield>
  <datafield tag="024" ind1=" " ind2=" ">
    <subfield code="a">17B-057-CS, 17B-028-CS, 17B-006-CS, 17B-046-CS &amp;amp; 17B-054-CS</subfield>
  </datafield>
  <datafield tag="082" ind1=" " ind2=" ">
    <subfield code="a">004.986072 MUH</subfield>
  </datafield>
  <datafield tag="100" ind1=" " ind2=" ">
    <subfield code="a">Muhammad Yusuf Abdullah Hashmi, Osama Zain, Syeda Hiba Khalid, Faiza Shahab &amp; Marium Hashmi</subfield>
  </datafield>
  <datafield tag="245" ind1=" " ind2="0">
    <subfield code="a">Electric Vehicle Software Design</subfield>
  </datafield>
  <datafield tag="260" ind1=" " ind2=" ">
    <subfield code="a">Karachi:</subfield>
    <subfield code="b">UIT,</subfield>
    <subfield code="c">2017</subfield>
  </datafield>
  <datafield tag="600" ind1=" " ind2=" ">
    <subfield code="a">Computer Science</subfield>
  </datafield>
  <datafield tag="650" ind1=" " ind2=" ">
    <subfield code="a">Bachelor of Computer Science (BS)</subfield>
  </datafield>
  <datafield tag="856" ind1=" " ind2=" ">
    <subfield code="u">https://drive.google.com/file/d/1C-HMTj92t34JmCeZS_j-3piT17TjTZ4t/view?usp=sharing</subfield>
    <subfield code="y">Click here for PDF</subfield>
  </datafield>
  <datafield tag="952" ind1=" " ind2=" ">
    <subfield code="0">0</subfield>
    <subfield code="1">0</subfield>
    <subfield code="4">0</subfield>
    <subfield code="7">0</subfield>
    <subfield code="8">PR-CS</subfield>
    <subfield code="a">UITU</subfield>
    <subfield code="b">UITU</subfield>
    <subfield code="d">2022-07-26</subfield>
    <subfield code="l">0</subfield>
    <subfield code="o">004.986072 MUH</subfield>
    <subfield code="p">BS-629</subfield>
    <subfield code="r">2025-05-06 11:34:41</subfield>
    <subfield code="w">2025-05-06</subfield>
    <subfield code="y">PR</subfield>
  </datafield>
  <datafield tag="999" ind1=" " ind2=" ">
    <subfield code="c">28958</subfield>
    <subfield code="d">28958</subfield>
  </datafield>
</record>
